Un currículum de ciencias sociales para el siglo XXI : (Record no. 93913)

MARC details
000 -CABECERA
campo de control de longitud fija 00666nam a2200193 a 4500
005 - FECHA Y HORA DE LA ÚLTIMA TRANSACCIÓN
campo de control 20251113063931.0
008 - ELEMENTOS DE LONGITUD FIJA--INFORMACIÓN GENERAL
campo de control de longitud fija 030129s1999 mx r 000 0 spa d
020 ## - NÚMERO INTERNACIONAL NORMALIZADO PARA LIBROS
Número Internacional Estándar del Libro 848711878X
035 ## - NÚMERO DE CONTROL DEL SISTEMA
Número de control de sistema UPN01000121700
049 ## - COLECCIÓN
Colección CG
050 #4 - SIGNATURA TOPOGRÁFICA DE LA BIBLIOTECA DEL CONGRESO
Número de clasificación LB1584.5 E5
Número de documento/Ítem S5.3
111 2# - ASIENTO PRINCIPAL--NOMBRE DE REUNION
Nombre de congreso/reunión o jurisdicción como elemento de entrada Simposium de Didáctica de las Ciencias Sociales
Número del congreso/reunión o número de parte o sección (10o :
Fecha del congreso/reunión 1999 :
Sede del congreso/Lugar de la reunión Logroño, España)
245 13 - MENCIÓN DE TÍTULO
Título Un currículum de ciencias sociales para el siglo XXI :
Resto del título qué contenidos y para qué.
260 ## - PUBLICACIÓN, DISTRIBUCIÓN, ETC.
Lugar de publicación, distribución, etc. Logroño, Esp. :
Nombre del editor, distribuidor, etc. Díada,
Fecha de publicación, distribución, etc. 1999.
300 ## - DESCRIPCIÓN FÍSICA
Extensión 313 p.
650 #4 - ASIENTO SECUNDARIO DE MATERIA - TERMINO TEMATICO
Término de materia o nombre geográfico como elemento de entrada Ciencias Sociales
Subdivisión geográfica España
Subdivisión de forma Congresos
9 (RLIN) 10428
650 #4 - ASIENTO SECUNDARIO DE MATERIA - TERMINO TEMATICO
Término de materia o nombre geográfico como elemento de entrada Ciencias sociales
Subdivisión de forma Planes y programas
9 (RLIN) 8402
905 ## - TIPO DE MATERIAL
Tipo de material Libro
Holdings
Estado de retiro Estado de pérdida Fuente del sistema de clasificación o colocación Estado dañado No para préstamo Código de colección Localización permanente Ubicación/localización actual Ubicación en estantería Total de préstamos Clasificación Código de barras Fecha visto por última vez Número de copia Tipo de ítem Koha
    Library of Congress Classification     Colección General Bib. Gregorio Torres Quintero Bib. Gregorio Torres Quintero Planta baja 4 LB1584.5 E5 S5.3 213490 31/12/2020 1 Libro
    Library of Congress Classification     Colección General Bib. Gregorio Torres Quintero Bib. Gregorio Torres Quintero Planta baja 5 LB1584.5 E5 S5.3 205461 31/12/2020 1 Libro
    Library of Congress Classification     Colección General Bib. Gregorio Torres Quintero Bib. Gregorio Torres Quintero Planta baja 2 LB1584.5 E5 S5.3 205462 31/12/2020 1 Libro
    Library of Congress Classification     Colección General Bib. Gregorio Torres Quintero Bib. Gregorio Torres Quintero Planta baja 4 LB1584.5 E5 S5.3 202845 31/12/2020 1 Libro